000 00293nam a22001337a 4500
008 171124b xxu||||| |||| 00| 0 eng d
020 _a9780805210477
041 _aeng
080 _a316
100 _a50
101 _aSOC
245 _aANTI SEMITE AND JEW
_cWALZER.M
942 _2udc
_cBK
999 _c38415
_d38415